00362nam a2200133Ia 4500008004100000041000800041082001700049100001300066245006100079250001400140260003300154300003000187365001100217240624s9999 xx 000 0 und d aeng a658.4063 TID aTIDD JOE aMANAGING INNOVATION INTEGRATING TECHNOLOGICAL MARKET AND a(4th ed.) c2012aNew DelhibWiley India axv, : 622 : p. : cm. ; 23 cRSb31